| 000 | 01661nam0a22003131 4500 | ||
|---|---|---|---|
| 001 | rc\4577327 | ||
| 005 | 20130416190842.0 | ||
| 021 |
_aRU _b[67-15336] |
||
| 035 | _a(NLR Aleph) 008655181 | ||
| 090 |
_a9026863 _c9026863 |
||
| 100 | _a20130416d1967 |||y0rusy50 ca | ||
| 101 | 0 | _arus | |
| 102 | _aRU | ||
| 105 | _ay z ||||| | ||
| 200 | 1 |
_aРациональные размеры предприятий и принципы оптимального планирования _fИн-т экономики АН СССР. Сектор эффективности размещения соц. производства. Науч. конференция по проблеме "Экон. эффективность концентрации производства и методика определения оптимальных размеров предприятий в пром-сти СССР" |
|
| 210 |
_aМосква _cБ. и. _d1967 |
||
| 215 |
_a28 с. _d19 |
||
| 300 | _aПеред загл. авт.: канд. экон. наук В.А. Маш, канд. техн. наук Г.С. Гольд | ||
| 320 | _aБиблиогр.: с. 27-28 (21 назв.) | ||
| 333 | _aНа правах рукописи | ||
| 606 |
_aПромышленные предприятия _xПланирование _xМатематические методы _2psbo |
||
| 606 |
_aПромышленные предприятия _xРазмеры _2psbo |
||
| 700 | 1 |
_aМаш _bВ. А. _f1925- _gВладимир Абрамович |
|
| 701 | 1 |
_aГольд _bГ. С. |
|
| 801 | 0 |
_aRU _bNLR _gpsbo |
|
| 801 | 1 |
_aRU _bELAR _2rusmarc |
|
| 852 |
_aNLR _j67-4/5496 |
||
| 942 | _cBOOK | ||
| 980 | _aNB | ||